000 00647nam a2200205 a 4500
001 000010962
005 20240412074221.0
008 091013t1973 dr r 000 p spa d
040 _aDO-SdBNP
_bspa
_cBNPHU
082 _aRD861.44
_bR139g
100 1 _aRaful, Tony,
_d1951-
_91377
245 1 0 _aGestión de alborada /
_cTony Raful.
260 _aSanto Domingo :
_bTaller,
_c1973.
300 _a45 p. ;
_c21 cm.
500 _aIncluye datos biográficos del autor en la contracubierta.
590 _aInventariado, 2018/BT
650 0 _aPoesía dominicana
_966
650 0 _aLiteratura dominicana.
_967
910 _aValidado. Control de calidad. EMS
999 _c10700
_d10700